[Event "Fortaleza Schoonenborch U2000"]
[Site "Fortaleza"]
[Date "2016.02.13"]
[Round "3"]
[White "Carmo e Silva, Jammes Willian"]
[Black "Souza E Silva, Francisco Welling"]
[Result "0-1"]
[WhiteElo "1823"]
[BlackElo "1901"]
[PlyCount "140"]
[EventDate "2016.02.11"]
[EventType "swiss"]
[EventRounds "6"]
[EventCountry "BRA"]
[SourceTitle "CBM 170 Extra"]
[Source "ChessBase"]
[SourceDate "2016.02.25"]
[SourceVersion "1"]
[SourceVersionDate "2016.02.25"]
[SourceQuality "1"]

1. d4 f5 2. Nf3 g6 3. Bf4 d6 4. e3 Nf6 5. Bc4 e6 6. 0-0 Bg7 7. c3 0-0 8. Nbd2 h6 9. Re1 g5 10. Bg3 Qe8 11. Nf1 Nc6 12. N3d2 Kh8 13. f3 Qh5 14. f4 g4 15. e4 fxe4 16. Ne3 Qg6 17. Be2 h5 18. Qc2 d5 19. Rf1 Ne8 20. Bb5 Bd7 21. Bh4 Nxd4 22. cxd4 Bxb5 23. Nb3 Bxf1 24. Rxf1 c6 25. Qd2 Rf7 26. Nc1 Nd6 27. Ne2 Raf8 28. Qb4 Nf5 29. Nxf5 exf5 30. Bf2 Bf6 31. g3 Rg8 32. Kg2 Rh7 33. Rg1 Qf7 34. Nc3 h4 35. Nd1 hxg3 36. Bxg3 Qh5 37. Ne3 Bh4 38. Qd6 Bxg3 39. Qf6+ Rhg7 40. hxg3 Qh3+ 41. Kf2 Kh7 42. Qxf5+ Rg6 43. Rg2 Kg7 44. Nf1 Rf6 45. Qe5 Qh6 46. Rh2 Qg6 47. Rh4 Rgf8 48. Ne3 Re8 49. Nf5+ Qxf5 50. Qxe8 e3+ 51. Qxe3 Re6 52. Qb3 Qe4 53. Qd1 Qe3+ 54. Kf1 Qf3+ 55. Qxf3 gxf3 56. Kf2 Re4 57. f5 Re2+ 58. Kxf3 Rxb2 59. Kf4 b5 60. Rg4+ Kf7 61. Rg6 Rc2 62. Kg5 a5 63. Rh6 c5 64. Rh7+ Ke8 65. Rc7 c4 66. f6 Rxa2 67. Re7+ Kd8 68. Re5 Rf2 69. Rf5 Rxf5+ 70. Kxf5 Ke8 0-1